Tous les pokémon de Kelvin - Statistiques

Statistiques générales
  • Ce quiz a été pris 18 fois
  • Le résultat moyen est 6 sur 7
Statistiques - réponses
Hint Réponse % Correct
Rubis & Saphir Medhyena
100%
Camerupt
91%
Chamallot
91%
Grahyena
91%
Nosferalto
82%
Emeraude Nosferapti
82%
Rubis Oméga & Saphir Alpha Smogo
55%
Aucun quiz correspondant
Distribution des résultats
% des personnes avec chaque résultat
Percentile par nombre de réponses
Votre historique - résultats
Vous n’avez pas pris ce quiz